[Event "CZE-chT rap"]
[Site "Pardubice"]
[Date "2015.07.16"]
[Round "1.2"]
[White "Roessler, Frank Peter"]
[Black "Cyborowski, Lukasz"]
[Result "0-1"]
[WhiteElo "1973"]
[BlackElo "2522"]
[PlyCount "64"]
[EventDate "2015.07.16"]
[EventType "team-swiss"]
[EventRounds "7"]
[EventCountry "CZE"]
[SourceTitle "CBM 167 Extra"]
[Source "ChessBase"]
[SourceDate "2015.09.14"]
[SourceVersion "1"]
[SourceVersionDate "2015.09.14"]
[SourceQuality "1"]

1. f4 d5 2. Nf3 Nf6 3. e3 c5 4. Be2 g6 5. d3 Bg7 6. 0-0 Nc6 7. Nc3 0-0 8. Qe1 Bf5 9. Kh1 d4 10. e4 dxc3 11. exf5 Nd5 12. b3 gxf5 13. Qf2 Qd6 14. Nh4 Nd4 15. Bf3 Nb4 16. Bd1 e6 17. a3 Nd5 18. Rb1 Kh8 19. Be3 Rad8 20. Nf3 Nxe3 21. Qxe3 Bf6 22. Nxd4 Bxd4 23. Qh3 Rg8 24. Bh5 Rg7 25. Qf3 b6 26. b4 cxb4 27. axb4 b5 28. Rb3 Qa6 29. Qd1 Rdg8 30. Bf3 Qd6 31. g3 Qd8 32. Rb1 Rxg3 0-1

[Event "Hofheim Spring op-A 2nd"]
[Site "Hofheim"]
[Date "2014.04.24"]
[Round "5"]
[White "Roessler, Frank Peter"]
[Black "Werner, Dimo"]
[Result "0-1"]
[WhiteElo "1961"]
[BlackElo "2103"]
[PlyCount "86"]
[EventDate "2014.04.22"]
[EventType "swiss"]
[EventRounds "9"]
[EventCountry "GER"]
[SourceTitle "CBM 160 Extra"]
[Source "ChessBase"]
[SourceDate "2014.07.01"]
[SourceVersion "1"]
[SourceVersionDate "2014.07.01"]
[SourceQuality "1"]

1. f4 d5 2. Nf3 g6 3. e3 Bg7 4. Be2 Nh6 5. 0-0 0-0 6. d3 c6 7. c3 Qb6 8. Na3 Nd7 9. Nc2 e5 10. fxe5 Nxe5 11. d4 Nxf3+ 12. Bxf3 Bf5 13. b3 Rfe8 14. c4 Be4 15. Bxe4 Rxe4 16. Bd2 Rae8 17. Nb4 Ng4 18. Nc2 Qc7 19. g3 f5 20. Rf4 R4e6 21. cxd5 cxd5 22. Rxg4 fxg4 23. Nb4 Qd6 24. Qxg4 Re4 25. Qg5 Rxd4 26. exd4 Bxd4+ 27. Kg2 Bxa1 28. Nxd5 Qe5 29. Qxe5 Rxe5 30. Ne3 Bd4 31. Kf3 Bxe3 32. Bxe3 a6 33. a4 Kf7 34. b4 b5 35. a5 Ke6 36. h4 h5 37. Kf4 Kd5 38. Bc5 Rf5+ 39. Ke3 Rf1 40. Ke2 Rc1 41. Bf8 Ke4 42. Kd2 Rc4 43. Be7 Kf3 0-1

[Event "Hofheim Spring op-A 2nd"]
[Site "Hofheim"]
[Date "2014.04.23"]
[Round "3"]
[White "Zweschper, Erich"]
[Black "Roessler, Frank Peter"]
[Result "1/2-1/2"]
[WhiteElo "2101"]
[BlackElo "1961"]
[PlyCount "35"]
[EventDate "2014.04.22"]
[EventType "swiss"]
[EventRounds "9"]
[EventCountry "GER"]
[SourceTitle "CBM 160 Extra"]
[Source "ChessBase"]
[SourceDate "2014.07.01"]
[SourceVersion "1"]
[SourceVersionDate "2014.07.01"]
[SourceQuality "1"]

1. d4 e6 2. Nf3 f5 3. h3 Nf6 4. g4 c6 5. g5 Ne4 6. h4 Qc7 7. Ne5 d6 8. Nd3 e5 9. c3 Be6 10. Rg1 exd4 11. f3 Nc5 12. Nf4 Bf7 13. cxd4 Ne6 14. Nc3 d5 15. Nxe6 Bxe6 16. Be3 Bd6 17. Bf2 f4 18. Qd2 1/2-1/2

[Event "Hofheim Spring op-A 1st"]
[Site "Hofheim"]
[Date "2013.04.04"]
[Round "4"]
[White "Meilinger, Claus"]
[Black "Roessler, Frank Peter"]
[Result "1-0"]
[WhiteElo "2019"]
[BlackElo "2004"]
[PlyCount "154"]
[EventDate "2013.04.02"]
[EventType "swiss"]
[EventRounds "9"]
[EventCountry "GER"]
[SourceTitle "CBM 153 Extra"]
[Source "ChessBase"]
[SourceDate "2013.04.22"]
[SourceVersion "1"]
[SourceVersionDate "2013.04.22"]
[SourceQuality "1"]

1. e4 e6 2. d4 d5 3. exd5 exd5 4. Bd3 Bd6 5. Nf3 Ne7 6. 0-0 0-0 7. Nbd2 Bf5 8. Bxf5 Nxf5 9. c4 c6 10. b3 Nd7 11. Bb2 Qf6 12. Re1 Rfe8 13. Qc2 h5 14. Qd3 g5 15. cxd5 cxd5 16. Qb5 Rxe1+ 17. Rxe1 Nb6 18. g3 g4 19. Ne5 Rc8 20. Qd3 Ng7 21. Nf1 Qf5 22. Ne3 Qxd3 23. Nxd3 Ne6 24. a4 a5 25. Re2 Ng5 26. Kg2 Nf3 27. h3 Re8 28. hxg4 hxg4 29. Nc1 Bb4 30. Nxg4 Rxe2 31. Nxe2 Nd2 32. Nc1 Kg7 33. f3 f5 34. Ne5 Kf6 35. Kf2 Kg5 36. Ke2 f4 37. gxf4+ Kf5 38. Ned3 Nxb3 39. Nxb3 Nxa4 40. Nxb4 axb4 41. Bc1 Nc3+ 42. Kd3 b6 43. Bd2 Nb5 44. Bxb4 Kxf4 45. Ke2 Na7 46. Bd6+ Kf5 47. Ke3 Nb5 48. Bb8 Na3 49. Kd3 Nc4 50. Nd2 Na3 51. Nf1 b5 52. Ne3+ Ke6 53. f4 b4 54. f5+ Kd7 55. Nxd5 b3 56. Kc3 Nb5+ 57. Kb2 Nxd4 58. Ne3 Ke7 59. Ba7 Nc6 60. Bc5+ Kf6 61. Kxb3 Ke5 62. Kc3 Ke4 63. f6 Nd8 64. Kc4 Ke5 65. Be7 Nf7 66. Kc5 Ke6 67. Nd5 Ne5 68. Nc7+ Kd7 69. Kd5 Ng6 70. Bd6 Nh8 71. Ne6 Nf7 72. Bf4 Ke8 73. Ng5 Nh8 74. Ke6 Ng6 75. Bd6 Nh8 76. Bb4 Kd8 77. Nf7+ Nxf7 1-0

[Event "Hofheim Spring op-A 1st"]
[Site "Hofheim"]
[Date "2013.04.03"]
[Round "3"]
[White "Roessler, Frank Peter"]
[Black "Will, Dominik"]
[Result "0-1"]
[WhiteElo "2004"]
[BlackElo "2098"]
[PlyCount "84"]
[EventDate "2013.04.02"]
[EventType "swiss"]
[EventRounds "9"]
[EventCountry "GER"]
[SourceTitle "CBM 153 Extra"]
[Source "ChessBase"]
[SourceDate "2013.04.22"]
[SourceVersion "1"]
[SourceVersionDate "2013.04.22"]
[SourceQuality "1"]

1. f4 c5 2. Nf3 g6 3. g3 Bg7 4. Bg2 Nc6 5. 0-0 d6 6. d3 Nf6 7. Nc3 Rb8 8. a4 a6 9. e4 Qc7 10. e5 dxe5 11. fxe5 Nh5 12. Nd5 Qd8 13. Nf4 Nxf4 14. gxf4 0-0 15. Be3 Qb6 16. Qc1 Rd8 17. Nd2 Nd4 18. Nc4 Qc7 19. Qd2 Be6 20. b3 b5 21. axb5 axb5 22. Na5 Bd5 23. Bxd4 cxd4 24. Bxd5 Rxd5 25. Qg2 e6 26. Ra2 Bf8 27. h4 Bb4 28. h5 Bxa5 29. b4 Bxb4 30. Rfa1 Bc5 31. Qg5 Qe7 32. Qg4 Rdd8 33. Kf2 b4 34. Rg1 b3 35. cxb3 Rxb3 36. f5 exf5 37. Qxf5 Qh4+ 38. Kf3 Kh8 39. Qf6+ Qxf6+ 40. exf6 Rxd3+ 41. Ke4 Re3+ 42. Kf4 Re6 0-1

[Event "Hofheim Spring op-A 1st"]
[Site "Hofheim"]
[Date "2013.04.03"]
[Round "2"]
[White "Seidel, Juergen"]
[Black "Roessler, Frank Peter"]
[Result "1/2-1/2"]
[WhiteElo "2083"]
[BlackElo "2004"]
[PlyCount "123"]
[EventDate "2013.04.02"]
[EventType "swiss"]
[EventRounds "9"]
[EventCountry "GER"]
[SourceTitle "CBM 153 Extra"]
[Source "ChessBase"]
[SourceDate "2013.04.22"]
[SourceVersion "1"]
[SourceVersionDate "2013.04.22"]
[SourceQuality "1"]

1. Nf3 f5 2. g3 Nf6 3. Bg2 g6 4. 0-0 Bg7 5. c4 0-0 6. Nc3 d6 7. d4 Qe8 8. d5 Nbd7 9. Nd4 Ne5 10. b3 Ne4 11. Nxe4 fxe4 12. Bxe4 c5 13. dxc6 Nxc6 14. Bb2 Bh3 15. Bg2 Bxg2 16. Kxg2 Qd7 17. Rb1 e5 18. Nc2 Ne7 19. Ne3 h5 20. Qd3 h4 21. Ba3 h3+ 22. Kg1 Rad8 23. Rbd1 Qe6 24. Qe4 Rf7 25. Qg4 Qxg4 26. Nxg4 Nf5 27. e3 Rfd7 28. e4 Nd4 29. Bc1 Nf3+ 30. Kh1 Kh7 31. Rd3 Rf7 32. Be3 b6 33. Rfd1 Bf8 34. Rd5 Be7 35. a4 g5 36. a5 Kg6 37. axb6 Kh5 38. c5 axb6 39. cxd6 Rxd6 40. Nxe5 Nxe5 41. Rxd6 Bxd6 42. Rxd6 Ra7 43. Rd1 Ra3 44. f4 Nf3 45. Bxb6 Rxb3 46. Bg1 gxf4 47. gxf4 Rb4 48. Rf1 Kg4 49. f5 Rxe4 50. f6 Rf4 51. Ra1 Rxf6 52. Ra4+ Kh5 53. Ra5+ Kg6 54. Rb5 Rf4 55. Rb8 Kh7 56. Rb3 Kg6 57. Rb8 Kf7 58. Rb3 Ke6 59. Rb8 Kd5 60. Rh8 Rg4 61. Bb6 Nh4 62. Bf2 1/2-1/2

[Event "Hofheim Spring op-A 1st"]
[Site "Hofheim"]
[Date "2013.04.02"]
[Round "1"]
[White "Roessler, Frank Peter"]
[Black "Pogan, Nikolas"]
[Result "0-1"]
[WhiteElo "2004"]
[BlackElo "2227"]
[PlyCount "98"]
[EventDate "2013.04.02"]
[EventType "swiss"]
[EventRounds "9"]
[EventCountry "GER"]
[SourceTitle "CBM 153 Extra"]
[Source "ChessBase"]
[SourceDate "2013.04.22"]
[SourceVersion "1"]
[SourceVersionDate "2013.04.22"]
[SourceQuality "1"]

1. f4 d5 2. Nf3 g6 3. e3 Bg7 4. Nc3 Nf6 5. Be2 c5 6. d3 Nc6 7. 0-0 0-0 8. Qe1 Ng4 9. h3 Nxe3 10. Bxe3 d4 11. Bd2 dxc3 12. bxc3 h6 13. Qg3 Qa5 14. Ne5 Qc7 15. Nxc6 Qxc6 16. Bf3 Qa4 17. Rfc1 Rb8 18. Bd5 Qa6 19. a4 Qd6 20. Qf3 Rd8 21. Bc4 b6 22. Re1 Bb7 23. Qe3 e6 24. Re2 a6 25. Kh2 Bc6 26. Qg3 b5 27. axb5 axb5 28. Bb3 Kh7 29. Rae1 Bd5 30. c4 bxc4 31. dxc4 Bb7 32. Ba5 Rd7 33. Rd2 Qe7 34. Rxd7 Qxd7 35. f5 Rf8 36. fxg6+ fxg6 37. Re2 e5 38. Bc3 Rf5 39. Qe3 Qc6 40. Bd2 e4 41. Bc3 Qd6+ 42. Kg1 Bd4 43. Bxd4 cxd4 44. Qd2 Qf6 45. Re1 e3 46. Qb4 Be4 47. Qb8 h5 48. c5 Rf2 49. Qg8+ Kh6 0-1

[Event "Liberec op 13th"]
[Site "Liberec"]
[Date "2012.10.26"]
[Round "8"]
[White "Roessler, Frank Peter"]
[Black "Cakl, Zdenek"]
[Result "1/2-1/2"]
[WhiteElo "1991"]
[BlackElo "2132"]
[PlyCount "132"]
[EventDate "2012.10.20"]
[EventType "swiss"]
[EventRounds "9"]
[EventCountry "CZE"]
[SourceTitle "EXT 2013"]
[Source "ChessBase"]
[SourceDate "2012.11.22"]
[SourceVersion "1"]
[SourceVersionDate "2012.11.22"]
[SourceQuality "1"]

1. e4 c5 2. d4 cxd4 3. Nf3 Nc6 4. Bc4 Nf6 5. e5 Nxe5 6. Qxd4 Nxc4 7. Qxc4 e6 8. 0-0 Be7 9. Qa4 0-0 10. c4 d5 11. Bf4 b6 12. Nc3 Bb7 13. Rfd1 Qc8 14. cxd5 Nxd5 15. Nxd5 Bxd5 16. Rac1 Qe8 17. Qa6 Bxf3 18. gxf3 Bc5 19. a3 Qc8 20. Qa4 Qb7 21. Kg2 a5 22. Rd7 Qa6 23. Rcd1 h6 24. Qe4 Qb5 25. Be5 Rfe8 26. a4 Qb4 27. Qb7 Qh4 28. Bg3 Qf6 29. h4 Rad8 30. b3 Rxd7 31. Qxd7 Qe7 32. Qd3 e5 33. Qf5 Qe6 34. Qd3 e4 35. fxe4 Qxe4+ 36. Qf3 Qxf3+ 37. Kxf3 Kh7 38. Rd7 Kg6 39. Bf4 Re1 40. Rd3 Rh1 41. Bg3 Rb1 42. Ke4 Rb2 43. Kf3 Rc2 44. Kg2 f5 45. Rf3 Kf6 46. h5 Kg5 47. Be5 Bf8 48. Bd4 Rc6 49. Be3+ Kg4 50. Rf4+ Kxh5 51. Rxf5+ g5 52. Rxf8 Rc3 53. Bxb6 Rxb3 54. Bxa5 Ra3 55. Rf6 Rxa4 56. Bc3 Ra7 57. Bb4 Rb7 58. Bf8 Rh7 59. Kg3 Rh8 60. f3 Rh7 61. f4 gxf4+ 62. Kxf4 Rh8 63. Kf5 Rh7 64. Kf4 Rh8 65. Ke5 Rh7 66. Rf2 Kg4 1/2-1/2

[Event "Liberec op 13th"]
[Site "Liberec"]
[Date "2012.10.20"]
[Round "1"]
[White "Nemcova, Karin"]
[Black "Roessler, Frank Peter"]
[Result "1/2-1/2"]
[WhiteElo "1590"]
[BlackElo "1991"]
[PlyCount "143"]
[EventDate "2012.10.20"]
[EventType "swiss"]
[EventRounds "9"]
[EventCountry "CZE"]
[SourceTitle "EXT 2013"]
[Source "ChessBase"]
[SourceDate "2012.11.22"]
[SourceVersion "1"]
[SourceVersionDate "2012.11.22"]
[SourceQuality "1"]

1. e4 e6 2. d4 d5 3. Nc3 dxe4 4. Nxe4 Nd7 5. Nf3 Ngf6 6. Ng3 c5 7. Be2 cxd4 8. Nxd4 Bc5 9. 0-0 0-0 10. Re1 Qb6 11. Be3 Nd5 12. Ne4 Nxe3 13. fxe3 e5 14. Nxc5 Nxc5 15. Nb5 Rd8 16. Qc1 Bd7 17. Nc3 Bc6 18. Rf1 Rd6 19. Bc4 Ne6 20. Rb1 Rad8 21. Rf2 Nf4 22. exf4 Rd2 23. Be2 exf4 24. Kf1 g5 25. Qe1 Rxc2 26. Bd1 Re8 27. Re2 Rcxe2 28. Bxe2 f3 29. gxf3 Bxf3 30. Qf2 Bxe2+ 31. Nxe2 Qb5 32. b3 Re4 33. Ke1 Qa5+ 34. Kf1 Qa6 35. Qg2 Rf4+ 36. Kg1 Rf6 37. Ng3 Qb6+ 38. Kh1 Rf2 39. Qd5 Rxa2 40. Qxg5+ Qg6 41. Qxg6+ hxg6 42. Kg1 f5 43. Rc1 b5 44. Rc7 a5 45. Nf1 Rb2 46. Ra7 Rxb3 47. Rxa5 Kf7 48. Kf2 Kf6 49. Ke2 Ke5 50. Nd2 Rb4 51. Ke3 Kd5 52. Kd3 Kc5 53. Kc3 Rh4 54. Nf1 g5 55. Ra8 Rh3+ 56. Kc2 Rf3 57. Ng3 g4 58. Rh8 Kc4 59. Rh5 Rf2+ 60. Kb1 f4 61. Ne4 Rf1+ 62. Kc2 Rh1 63. Nd6+ Kb4 64. Rxb5+ Ka4 65. Rf5 Rxh2+ 66. Kc3 Rh3+ 67. Kb2 Rb3+ 68. Kc2 Rb4 69. Rf8 Rd4 70. Kc3 Rxd6 71. Rxf4+ Kb5 72. Rxg4 1/2-1/2

[Event "Leutersdorf Sparkasse op 15th"]
[Site "Leutersdorf"]
[Date "2011.02.18"]
[Round "1"]
[White "Roessler, Frank Peter"]
[Black "Schiessl, Werner"]
[Result "1-0"]
[WhiteElo "1967"]
[BlackElo "1380"]
[PlyCount "63"]
[EventDate "2011.02.18"]
[EventType "swiss"]
[EventRounds "7"]
[EventCountry "GER"]
[SourceTitle "CBM 141 Extra"]
[Source "ChessBase"]
[SourceDate "2011.05.03"]
[SourceVersion "1"]
[SourceVersionDate "2011.05.03"]
[SourceQuality "1"]

1. e4 Nc6 2. d4 e5 3. dxe5 Nxe5 4. f4 Nc6 5. Nf3 d6 6. Nc3 Nf6 7. Bd3 a6 8. 0-0 h6 9. e5 dxe5 10. fxe5 Bc5+ 11. Kh1 Nh7 12. Ne4 Bb6 13. Qe1 Be6 14. Qg3 Ng5 15. Bxg5 hxg5 16. Nfxg5 Qe7 17. Nxe6 Qxe6 18. Ng5 Qh6 19. Nxf7 Qxh2+ 20. Qxh2 Rxh2+ 21. Kxh2 Ke7 22. c3 a5 23. Rad1 Be3 24. Rf3 Bc5 25. Bg6 Nxe5 26. Nxe5 Bd6 27. Rxd6 cxd6 28. Rf7+ Ke6 29. Nf3 Rh8+ 30. Kg3 Rh6 31. Ng5+ Ke5 32. Rf5# 1-0

[Event "Leutersdorf Muench Braeu op 14th"]
[Site "Leutersdorf"]
[Date "2009.02.10"]
[Round "6"]
[White "Muenchhalfen, Harald"]
[Black "Roessler, Frank Peter"]
[Result "1-0"]
[WhiteElo "1346"]
[BlackElo "2058"]
[PlyCount "59"]
[EventDate "2009.02.07"]
[EventType "swiss"]
[EventRounds "9"]
[EventCountry "GER"]
[SourceTitle "CBM 128 Extra"]
[Source "ChessBase"]
[SourceDate "2009.03.05"]
[SourceVersion "2"]
[SourceVersionDate "2009.03.25"]
[SourceQuality "1"]

1. Nf3 d5 2. d4 e6 3. c4 f5 4. cxd5 exd5 5. Nc3 Nf6 6. Bf4 Bd6 7. Bxd6 Qxd6 8. Qb3 c6 9. e3 0-0 10. Bd3 Kh8 11. 0-0 Na6 12. Bxa6 bxa6 13. Na4 Rb8 14. Qc2 Qb4 15. b3 Ne4 16. Rac1 f4 17. Nc5 h6 18. Nxe4 dxe4 19. Ne5 Rf6 20. Nxc6 Qb5 21. Nxb8 Bf5 22. Nc6 h5 23. Ne7 Kh7 24. Nxf5 Qxf5 25. exf4 Qxf4 26. Rce1 Rg6 27. Qxe4 Qg5 28. g3 h4 29. Kh1 h3 30. Qh4+ 1-0

[Event "Leutersdorf Muench Braeu op 14th"]
[Site "Leutersdorf"]
[Date "2009.02.10"]
[Round "5"]
[White "Roessler, Frank Peter"]
[Black "Heintel, Fred"]
[Result "0-1"]
[WhiteElo "2058"]
[BlackElo "1992"]
[PlyCount "92"]
[EventDate "2009.02.07"]
[EventType "swiss"]
[EventRounds "9"]
[EventCountry "GER"]
[SourceTitle "CBM 128 Extra"]
[Source "ChessBase"]
[SourceDate "2009.03.05"]
[SourceVersion "2"]
[SourceVersionDate "2009.03.25"]
[SourceQuality "1"]

1. f4 d5 2. Nf3 g6 3. e3 Bg7 4. Be2 c5 5. 0-0 Nf6 6. d3 0-0 7. Qe1 Nc6 8. Nc3 d4 9. Ne4 Nxe4 10. dxe4 e5 11. Bc4 Be6 12. Bxe6 fxe6 13. Ng5 Qe7 14. Qg3 Bh6 15. Nh3 Rf7 16. Bd2 dxe3 17. Bxe3 Nd4 18. Bxd4 exd4 19. Rf3 Raf8 20. Raf1 Kh8 21. Qe1 e5 22. f5 gxf5 23. Rxf5 Be3+ 24. Kh1 Rxf5 25. Rxf5 Rxf5 26. exf5 h5 27. Qg3 Qf6 28. Qf3 Qf7 29. Ng1 Bxg1 30. Kxg1 Kg7 31. g3 Kf6 32. b3 Qh7 33. h4 Qxf5 34. Qxb7 Qxc2 35. Qc6+ Kf7 36. Qd7+ Kf6 37. Qd8+ Ke6 38. Qe8+ Kd6 39. Qxh5 d3 40. Qg6+ Kd5 41. Qg8+ Kd4 42. Qd8+ Ke3 43. Qd5 Qd1+ 44. Kg2 Qe2+ 45. Kh3 d2 46. b4 c4 0-1

[Event "Leutersdorf Muench Braeu op 11th"]
[Site "Leutersdorf"]
[Date "2006.02.13"]
[Round "4"]
[White "Roessler, Frank Peter"]
[Black "Bulano, Alexander"]
[Result "1-0"]
[WhiteElo "2140"]
[BlackElo "1867"]
[PlyCount "87"]
[EventDate "2006.02.11"]
[EventType "swiss"]
[EventRounds "9"]
[EventCountry "GER"]
[SourceTitle "CBM 110 Extra"]
[Source "ChessBase"]
[SourceDate "2006.03.10"]
[SourceVersion "2"]
[SourceVersionDate "2006.03.10"]
[SourceQuality "1"]

1. f4 d5 2. Nf3 g6 3. e3 Bg7 4. Nc3 Bg4 5. Be2 c6 6. 0-0 Nh6 7. Qe1 0-0 8. d3 Re8 9. Ne5 Be6 10. Bd2 Nd7 11. Nf3 Nf6 12. e4 Bg4 13. e5 Bxf3 14. Bxf3 Nd7 15. g4 Nf8 16. Kh1 e6 17. Qg3 Kh8 18. Rae1 Re7 19. f5 exf5 20. Bg5 Ne6 21. Bxe7 Qxe7 22. gxf5 Nxf5 23. Qf2 Qb4 24. Nd1 Bh6 25. c4 d4 26. Bg4 Bf4 27. Re4 Be3 28. Nxe3 dxe3 29. Rxe3 Nxe3 30. Qxe3 Kg8 31. Qf2 Qe7 32. Qg3 Rd8 33. Rf3 Ng5 34. Re3 Rd4 35. Kg2 h5 36. Be2 h4 37. Qf2 c5 38. a3 b6 39. b3 h3+ 40. Kg1 Ne6 41. Rxh3 Qg5+ 42. Qg2 Qc1+ 43. Bf1 Nf4 44. Qa8+ 1-0

[Event "Leutersdorf Muench Braeu op 11th"]
[Site "Leutersdorf"]
[Date "2006.02.12"]
[Round "3"]
[White "Eichner, Christian"]
[Black "Roessler, Frank Peter"]
[Result "1-0"]
[WhiteElo "1948"]
[BlackElo "2140"]
[PlyCount "37"]
[EventDate "2006.02.11"]
[EventType "swiss"]
[EventRounds "9"]
[EventCountry "GER"]
[SourceTitle "CBM 110 Extra"]
[Source "ChessBase"]
[SourceDate "2006.03.10"]
[SourceVersion "2"]
[SourceVersionDate "2006.03.10"]
[SourceQuality "1"]

1. e4 e6 2. d4 d5 3. Nd2 dxe4 4. Nxe4 Nd7 5. Nf3 Ngf6 6. Bd3 Nxe4 7. Bxe4 Nf6 8. Bd3 c5 9. 0-0 Bd7 10. Qe2 Qc7 11. dxc5 Bxc5 12. Ne5 a6 13. Nxd7 Qxd7 14. Bf4 0-0 15. Rad1 Qd4 16. Be5 Qh4 17. g3 Qh6 18. Bxf6 Qxf6 19. Qh5 1-0

[Event "Loebau-Zittau KSK op"]
[Site "Leutersdorf"]
[Date "2004.02.13"]
[Round "3"]
[White "Roessler, Frank Peter"]
[Black "Haeusler, Felix"]
[Result "1-0"]
[WhiteElo "1916"]
[BlackElo "1402"]
[PlyCount "85"]
[EventDate "2004.02.13"]
[EventType "swiss"]
[EventRounds "7"]
[EventCountry "GER"]
[SourceTitle "CBM 098 Extra"]
[Source "ChessBase"]
[SourceDate "2004.03.10"]
[SourceVersion "2"]
[SourceVersionDate "2004.03.10"]
[SourceQuality "1"]

1. f4 d5 2. Nf3 Nc6 3. e3 Nf6 4. b3 Bg4 5. Bb2 e6 6. Bb5 a6 7. Bxc6+ bxc6 8. 0-0 Be7 9. d3 0-0 10. Nbd2 c5 11. Qe1 c6 12. Ne5 Qc7 13. Nxg4 Nxg4 14. h3 Nf6 15. Qg3 Nh5 16. Qf3 Bf6 17. c3 g6 18. g4 Ng7 19. e4 Be7 20. Qg3 Rad8 21. Rf3 Qa7 22. c4 d4 23. f5 Ne8 24. e5 Bg5 25. Ne4 Be3+ 26. Kg2 Rd7 27. Raf1 Re7 28. Ba3 exf5 29. gxf5 Qc7 30. fxg6 hxg6 31. Bxc5 Qxe5 32. Bxe7 Qxe7 33. Nf6+ Nxf6 34. Rxf6 Kg7 35. Rxc6 Qa3 36. Qe5+ Kg8 37. Qe4 Qxa2+ 38. Kg3 Qa3 39. c5 Rb8 40. Qd5 Qa5 41. Rxg6+ Kh8 42. Qe5+ Kh7 43. Qh5+ 1-0